000 00266nam a22001217a 4500
008 170911b xxu||||| |||| 00| 0 eng d
041 _aeng
080 _a53
100 _a43
101 _aFIZ
245 _aPRINCIPLES OF COLLEGE PHYSICS
_cSHORTLEY
942 _2udc
_cBK
999 _c27177
_d27177